| 000 | 01111cam a2200265 i 4500 | ||
|---|---|---|---|
| 003 | SA-RiAUC | ||
| 005 | 20250113071946.0 | ||
| 008 | 250105s1994 su g 000r0 ara c | ||
| 020 | _a9960274411 | ||
| 040 |
_aSA-AbKKU _bara _cSA-RiAUC _erda |
||
| 082 | 0 | 4 | _a214.323 |
| 090 |
_a214.323 _bح ق ي |
||
| 100 | 1 |
_aالحقيل، سليمان بن عبد الرحمن، _d1362 هجري- _eمؤلف. |
|
| 245 | 1 | 0 |
_aحقوق الإنسان في الإسلام والرد على الشبهات المثارة حولها / _cبقلم سليمان بن عبد الرحمن الحقيل. |
| 250 | _aالطبعة الثانية. | ||
| 264 | 1 |
_a[الرياض] : _bسليمان بن عبد الرحمن الحقيل، _c1994 |
|
| 264 | 3 |
_a[مكان الطبع غير محدد] : _bمطابع التقنية للأوفست |
|
| 300 | _a165 صفحة | ||
| 336 |
_aنص _btxt _2rdacontent _3كتاب |
||
| 337 |
_aبدون وسيط _bn _2rdamedia |
||
| 338 |
_aمجلد _bnc _2rdacarrier |
||
| 650 | 7 |
_aالإسلام وحقوق الإنسان _2aucsh |
|
| 942 |
_2ddc _cBOOK _n0 |
||
| 949 |
_aSA-JeALM _d250105 _uosman123 _n1 |
||
| 999 |
_c4657 _d4657 |
||